Big 10 Logos - Statistics

General Stats
  • This quiz has been taken 56 times
  • The average score is 16 of 18
Answer Stats
Picture Answer % Correct
Michigan Wolverines
98%
Iowa Hawkeyes
96%
Michigan State Spartans
96%
Indiana Hoosiers
93%
Purdue Boilermakers
93%
Wisconsin Badgers
93%
Minnesota Golden Gophers
91%
Northwestern Wildcats
91%
Oregon Ducks
91%
Penn State Nittany Lions
91%
Maryland Terrapins
89%
Ohio State Buckeyes
87%
Washington Huskies
87%
Illinois Fighting Illini
82%
Nebraska Cornhuskers
82%
Rutgers Scarlet Knights
82%
University of California-Los Angeles Bruins
73%
University of Southern California Trojans
71%
No matching quizzes found
Score Distribution
Percent of People with Each Score
Percentile by Number Answered
Your Score History
You have not taken this quiz